00359nam a2200133Ia 450000500170000000800410001702000180005808200130007610000170008924500300010626000510013630000120018750000260019920250528013012.0240331s9999 xx 000 0 und d a9789556523171 bSENa194 aSenarathne,D 0aMadyawedaya saha neethiya aBorellabWijayasooriya pathaga pathanamac2007 a120 p., aA book of media & Law